header

George Eliot's grammar of being (Record no. 142833)

MARC details
000 -LEADER
fixed length control field 01737nam a2200409 a 4500
082 04 - DEWEY DECIMAL CLASSIFICATION NUMBER
Classification number 823/.8
100 1# - MAIN ENTRY--AUTHOR NAME
Personal name Raines, Melissa Anne.
245 10 - TITLE STATEMENT
Title George Eliot's grammar of being
260 ## - PUBLICATION, DISTRIBUTION, ETC. (IMPRINT)
Place of publication London :
Name of publisher Anthem Press,
Year of publication 2011.
300 ## - PHYSICAL DESCRIPTION
Number of Pages xxiv, 208 p.
490 1# - SERIES STATEMENT
Series statement Anthem nineteenth century studies
505 0# - FORMATTED CONTENTS NOTE
Formatted contents note pt. 1. 'The utmost intricacies of the soul's pathways'-syntax and individuality -- pt. 2. 'The mercy for those sorrows'-syntax and sympathy.
650 #0 - SUBJECT ADDED ENTRY--TOPICAL TERM
Topical Term Women and literature
Topical Term Didactic fiction, English
Topical Term English language
856 40 - ELECTRONIC LOCATION AND ACCESS
Uniform Resource Identifier http://site.ebrary.com/lib/rucke/Doc?id=10523549

No items available.

© 2026 Rongo University
Contact us: librarian | system librarian | Rongo university